<?xml version="1.0" encoding="UTF-8"?>
<record
    xmlns:xsi="http://www.w3.org/2001/XMLSchema-instance"
    xsi:schemaLocation="http://www.loc.gov/MARC21/slim http://www.loc.gov/standards/marcxml/schema/MARC21slim.xsd"
    xmlns="http://www.loc.gov/MARC21/slim">

  <leader>02395nam a2200385   4500</leader>
  <controlfield tag="003">OSt</controlfield>
  <controlfield tag="005">20260513152330.0</controlfield>
  <controlfield tag="008">260513b        |||||||| |||| 00| 0 aze d</controlfield>
  <datafield tag="020" ind1=" " ind2=" ">
    <subfield code="a">9952418725</subfield>
  </datafield>
  <datafield tag="040" ind1=" " ind2=" ">
    <subfield code="a">AZ-XaKU</subfield>
    <subfield code="b">aze</subfield>
    <subfield code="c">AZ-XaKU</subfield>
  </datafield>
  <datafield tag="041" ind1="0" ind2=" ">
    <subfield code="a">aze</subfield>
  </datafield>
  <datafield tag="050" ind1="1" ind2="4">
    <subfield code="a">PL314 .2611 .T1433 2005</subfield>
  </datafield>
  <datafield tag="100" ind1="1" ind2=" ">
    <subfield code="a">Abdulla , B&#x259;hlul ,</subfield>
    <subfield code="e">redaktor .</subfield>
  </datafield>
  <datafield tag="245" ind1="1" ind2=" ">
    <subfield code="a">Az&#x259;rbaycan Na&#x11F;&#x131;llar&#x131;</subfield>
    <subfield code="b">: 5 cildd&#x259; </subfield>
    <subfield code="c">/ T&#x259;rtib ed&#x259;n &#x18F;hliman Axundov ; redaktor B&#x259;hlul Abdulla ; burax&#x131;l&#x131;&#x15F;a m&#x259;sul &#x18F;ziz G&#xFC;l&#x259;liyev ; texniki redaktor R&#xF6;v&#x15F;&#x259;n A&#x11F;ayev ; t&#x259;rtibat&#xE7;&#x131; - r&#x259;ssam N&#x259;rgiz &#x18F;liyeva ;  kompyuter s&#x259;hif&#x259;l&#x259;yicisi Aslan Almasov ; korrektor Elmira Teymurova .</subfield>
  </datafield>
  <datafield tag="250" ind1=" " ind2=" ">
    <subfield code="a">3 cild </subfield>
  </datafield>
  <datafield tag="264" ind1=" " ind2=" ">
    <subfield code="a">Bak&#x131; :</subfield>
    <subfield code="b">" &#x15E;&#x259;rq - Q&#x259;rb " n&#x259;&#x15F;riyyat&#x131; </subfield>
    <subfield code="c">2005 .</subfield>
  </datafield>
  <datafield tag="300" ind1=" " ind2=" ">
    <subfield code="a">296 s&#x259;hif&#x259; ;</subfield>
    <subfield code="c">22 sm .</subfield>
  </datafield>
  <datafield tag="336" ind1=" " ind2=" ">
    <subfield code="a">text</subfield>
    <subfield code="b">txt</subfield>
    <subfield code="2">rdacontent</subfield>
  </datafield>
  <datafield tag="337" ind1=" " ind2=" ">
    <subfield code="a">unmediated</subfield>
    <subfield code="b">n</subfield>
    <subfield code="2">rdamedia</subfield>
  </datafield>
  <datafield tag="338" ind1=" " ind2=" ">
    <subfield code="a">volume </subfield>
    <subfield code="b">nc</subfield>
    <subfield code="2">rdacarrier</subfield>
  </datafield>
  <datafield tag="490" ind1="1" ind2=" ">
    <subfield code="a">Az&#x259;rbaycan Xalq &#x18F;d&#x259;biyyat&#x131; .</subfield>
  </datafield>
  <datafield tag="504" ind1=" " ind2=" ">
    <subfield code="a">Na&#x11F;&#x131;llar haqq&#x131;nda m&#x259;lumat : s. 292 - 293 .</subfield>
  </datafield>
  <datafield tag="505" ind1="0" ind2=" ">
    <subfield code="a">Nu&#x15F;ap&#x259;ri xan&#x131;m&#x131;n na&#x11F;&#x131;l&#x131; -- Hat&#x259;min na&#x11F;&#x131;l&#x131; -- Da&#x15F; &#xFC;z&#xFC;k -- Hambal &#x18F;hm&#x259;d -- Q&#x131;rx Q&#xF6;n&#xE7;&#x259; xan&#x131;m -- M&#x259;lik &#xE7;oban -- &#x15E;&#x259;minin na&#x11F;&#x131;l&#x131; -- Be&#xE7;&#x259; d&#x259;rvi&#x15F; na&#x11F;&#x131;l&#x131; -- &#xDC;&#xE7;b&#x131;&#x11F; Kosa -- M&#x259;lik Ducar -- Xac&#x259; F&#x259;ttah -- M&#x259;lik M&#x259;h&#x259;mm&#x259;d v&#x259; M&#x259;lik &#x18F;hm&#x259;d -- &#x15E;ah o&#x11F;lu B&#x259;hr&#x259;min na&#x11F;&#x131;l&#x131; -- &#xD6;l&#xFC; &#x18F;hm&#x259;d -- &#x18F;c&#x259;m o&#x11F;lu &#x130;brahim -- M&#x259;stan -- &#x130;tkin q&#x131;z -- &#x15E;&#xFC;kuf&#x259; xan&#x131;m -- Q&#x259;hr&#x259;man -- C&#x259;layi - v&#x259;t&#x259;n -- Soltan &#x130;brahim -- &#x18F;hm&#x259;d -- &#x15E;irvan qaz&#x131;s&#x131; -- Nu&#x15F;aran&#x131;n na&#x11F;&#x131;l&#x131; -- Bafta&#xE7;&#x131; &#x15E;ah Abbas -- Qeydl&#x259;r -- Na&#x11F;&#x131;llar haqq&#x131;nda m&#x259;lumat .  </subfield>
  </datafield>
  <datafield tag="520" ind1=" " ind2=" ">
    <subfield code="a">Az&#x259;rbaycan Respublikas&#x131;n&#x131;n Prezidenti &#x130;lham &#x18F;liyevin " Az&#x259;rbaycan dilind&#x259; lat&#x131;n qrafikas&#x131; il&#x259; k&#xFC;tl&#x259;vi n&#x259;&#x15F;rl&#x259;rin h&#x259;yata ke&#xE7;irilm&#x259;si haqq&#x131;nda " 12 yanvar 2004 - c&#xFC; il tarixli s&#x259;r&#x259;ncam&#x131; il&#x259; n&#x259;&#x15F;r olunur v&#x259; &#xF6;lk&#x259; kitabxanalar&#x131;na h&#x259;diyy&#x259; edilir .</subfield>
  </datafield>
  <datafield tag="650" ind1=" " ind2="7">
    <subfield code="2">AZ-XaKU</subfield>
    <subfield code="a">Az&#x259;rbaycan na&#x11F;&#x131;llar&#x131; </subfield>
  </datafield>
  <datafield tag="700" ind1="1" ind2=" ">
    <subfield code="a">Axundov , &#x18F;hliman ,</subfield>
    <subfield code="e">t&#x259;rtib ed&#x259;n .</subfield>
  </datafield>
  <datafield tag="700" ind1="1" ind2=" ">
    <subfield code="a">Abdulla , B&#x259;hlul ,</subfield>
    <subfield code="e">redaktor .</subfield>
  </datafield>
  <datafield tag="700" ind1="1" ind2=" ">
    <subfield code="a">G&#xFC;l&#x259;liyev , &#x18F;ziz ,</subfield>
    <subfield code="e">burax&#x131;l&#x131;&#x15F;a m&#x259;sul .</subfield>
  </datafield>
  <datafield tag="700" ind1="1" ind2=" ">
    <subfield code="a">A&#x11F;ayev , R&#xF6;v&#x15F;&#x259;n ,</subfield>
    <subfield code="e">texniki redaktor .</subfield>
  </datafield>
  <datafield tag="700" ind1="1" ind2=" ">
    <subfield code="a">&#x18F;liyeva , N&#x259;rgiz .</subfield>
    <subfield code="e">t&#x259;rtibat&#xE7;&#x131; - r&#x259;ssam .</subfield>
  </datafield>
  <datafield tag="700" ind1="1" ind2=" ">
    <subfield code="a">Almasov , Aslan ,</subfield>
    <subfield code="e">kompyuter s&#x259;hif&#x259;l&#x259;yicisi .</subfield>
  </datafield>
  <datafield tag="700" ind1="1" ind2=" ">
    <subfield code="a">Teymurova , Elmira ,</subfield>
    <subfield code="e">korrektor .</subfield>
  </datafield>
  <datafield tag="942" ind1=" " ind2=" ">
    <subfield code="c">BOOK</subfield>
  </datafield>
  <datafield tag="999" ind1=" " ind2=" ">
    <subfield code="c">465</subfield>
    <subfield code="d">465</subfield>
  </datafield>
  <datafield tag="952" ind1=" " ind2=" ">
    <subfield code="0">0</subfield>
    <subfield code="1">0</subfield>
    <subfield code="2">lcc</subfield>
    <subfield code="4">0</subfield>
    <subfield code="7">0</subfield>
    <subfield code="8">BE</subfield>
    <subfield code="a">KU</subfield>
    <subfield code="b">BEL</subfield>
    <subfield code="d">2026-05-13</subfield>
    <subfield code="l">0</subfield>
    <subfield code="o">PL314 .2611 .T1433 2005 c.5</subfield>
    <subfield code="p">0000000790</subfield>
    <subfield code="r">2026-05-13 15:25:31</subfield>
    <subfield code="t">5</subfield>
    <subfield code="w">2026-05-13</subfield>
    <subfield code="y">BOOK</subfield>
  </datafield>
  <datafield tag="952" ind1=" " ind2=" ">
    <subfield code="0">0</subfield>
    <subfield code="1">0</subfield>
    <subfield code="2">lcc</subfield>
    <subfield code="4">0</subfield>
    <subfield code="7">0</subfield>
    <subfield code="8">BE</subfield>
    <subfield code="a">KU</subfield>
    <subfield code="b">BEL</subfield>
    <subfield code="d">2026-05-13</subfield>
    <subfield code="l">0</subfield>
    <subfield code="o">PL314 .2611 .T1433 2005 c.4</subfield>
    <subfield code="p">0000000789</subfield>
    <subfield code="r">2026-05-13 15:27:26</subfield>
    <subfield code="t">4</subfield>
    <subfield code="w">2026-05-13</subfield>
    <subfield code="y">BOOK</subfield>
  </datafield>
</record>
